00726nam a2200181 i 450000100060000000300090000600500170001500700030003200800410003510000590007624501370013526000490027230000220032170000300034385200320037399900170040595201220042269708ES-MaACL20230906170604.0t|040709s1968 sp ||||1| spa d1 aGarcía y García de la Torre, José Manuel.95543814aLos ciegos somos así b: (elementos de tiflopsicología) / cJosé Manuel G. y García de la Torre ; prólogo Enrique Salgado. aBarcelona : bCientífico Médica, c1968. a162 p. ; c21 cm.1 aSalgado, Enrique.9101895 aES-MaACLjC-49836 bR.67952 c69708d69708 00104070aATENEOMbATENEOMcDEPO2d2008-01-17eSCl0oC-49836p1072993r2023-02-23 00:00:00w2023-02-23yMONOGRAFIA